Statistiques concernant Dieux Égyptiens

Cliquez ici pour prendre le quiz!

Statistiques générales

  • Ce quiz a été pris 5 102 fois
  • Le résultat moyen est 7 sur 19

Statistiques - réponses

HintRéponse% Correct
Dieu du SoleilRa
95%
Dieu des mortsOsiris
78%
Déesse de la magieIsis
74%
Dieu de l'embaumementAnubis
73%
Dieu des PharaonsHorus
53%
Dieu du désertSeth
51%
Déesse des chatsBastet
41%
Dieu de la sagesseThot
35%
Dieu de la créationAmon
32%
Dieu de la destructionSekhmet
23%
Déesse du cielNout
21%
Dieu de la musiqueHathor
20%
Déesse de l'amourHathor
20%
Dieu du CaosApophis
16%
Dieu de la justiceMaât
16%
Dieu de la TerreGeb
14%
Dieu du NilHâpy
8%
Déesse des scorpionsSerket
6%
Déesse de la pluieTefnout
5%

Distribution des résultats

Percentile par nombre de réponses

% des personnes avec chaque résultat

Votre développement - résultats

Vous n’avez pas pris ce quiz